ბათუმის შოთა რუსთაველის სახელმწიფო უნივერსიტეტის ბიბლიოთეკა

HURRA!!! Po Polsku 3. Zeszyt cwiczen. B1 : (ბიბ.ჩანაწერი № 54593)

000 -LEADER
fixed length control field 01051nam a2200301Ia 4500
001 - CONTROL NUMBER
control field 21660
003 - CONTROL NUMBER IDENTIFIER
control field GE_BSU
005 - DATE AND TIME OF LATEST TRANSACTION
control field 20230731155037.0
008 - FIXED-LENGTH DATA ELEMENTS--GENERAL INFORMATION
fixed length control field 181216s2010||||Pl |||||||||||||| ||pol||
020 ## - INTERNATIONAL STANDARD BOOK NUMBER
International Standard Book Number 9788360229293
040 ## - CATALOGING SOURCE
Transcribing agency GE_BSU
041 ## - LANGUAGE CODE
Language code of text/sound track or separate title pol
080 ## - UNIVERSAL DECIMAL CLASSIFICATION NUMBER
Universal Decimal Classification number 811.162.2 H-93
245 ## - TITLE STATEMENT
Title HURRA!!! Po Polsku 3. Zeszyt cwiczen. B1 :
Remainder of title Propozycja programowa na poziom B1. Zeszyt Cwiczen /
Statement of responsibility, etc. Agnieszka Burkat, Agnieszka Jasinska, Malgorzata Malolepsza, Aneta Szymkiewicz.
264 ## - PRODUCTION, PUBLICATION, DISTRIBUTION, MANUFACTURE, AND COPYRIGHT NOTICE
Place of production, publication, distribution, manufacture Krakow :
Name of producer, publisher, distributor, manufacturer Prolog,
Date of production, publication, distribution, manufacture, or copyright notice 2010.
300 ## - PHYSICAL DESCRIPTION
Extent 88 p. ;
Dimensions 27 cm.
Accompanying material +1cd, +1 Test book
653 ## - INDEX TERM--UNCONTROLLED
keyword HURRA!!! Po Polsku 3. Zeszyt cwiczen. B1
653 ## - INDEX TERM--UNCONTROLLED
keyword Propozycja programowa na poziom B1
653 ## - INDEX TERM--UNCONTROLLED
keyword Zeszyt Cwiczen
653 ## - INDEX TERM--UNCONTROLLED
keyword Польский язык
653 ## - INDEX TERM--UNCONTROLLED
keyword პოლონური ენა
700 ## - ADDED ENTRY--PERSONAL NAME
Personal name Burkat, Agnieszka
Relator term Author
9 (RLIN) 19582
700 ## - ADDED ENTRY--PERSONAL NAME
Personal name Jasinska, Agnieszka
Relator term Author
9 (RLIN) 19583
700 ## - ADDED ENTRY--PERSONAL NAME
Personal name Malolepsza, Malgorzata
Relator term Author
9 (RLIN) 19584
700 ## - ADDED ENTRY--PERSONAL NAME
Personal name Szymkiewicz, Aneta
Relator term Author
9 (RLIN) 19585
942 ## - ADDED ENTRY ELEMENTS (KOHA)
Koha item type წიგნი
Source of classification or shelving scheme
ეგზემპლარები
Withdrawn status Lost status Source of classification or shelving scheme Damaged status Not for loan Permanent Location Current Location Shelving location Date acquired Cost, normal purchase price Full call number Barcode Date last seen Copy number Price effective from Koha item type Public note
          ბათუმის შოთა რუსთაველის სახელმწიფო უნივერსიტეტის მთავარი ბიბლიოთეკა ბათუმის შოთა რუსთაველის სახელმწიფო უნივერსიტეტის მთავარი ბიბლიოთეკა წიგნსაცავი 2018-12-17 10.00 811.162.2 H-93 55674 2018-12-17 55674 2018-12-17 წიგნი 10.00 GEL.